00521nam a2200193Ia 4500003000400000008004100004020001500045040001600060082001700076100001700093245003800110700001800148260003900166300003200205650002600237650001900263650002200282650002300304GCL140319s9999 xx 000 0 eng d a2268004910 aGCL / cGCL04aCHb843bJ B1 aJAIS, PIERRE10aLA B.D DU BRIDGE / cJAIS, PIERRE1 aLEBEL, MICHEL aفرنسا : bLE ROCHER ، c1986 a62 PbCOL. ILL. ؛ c29 cm.04aCHILDREN - LITERATURE04aFRENCH FICTION04aFRENCH LITERATURE04aCHILDREN - FICTION